Quizzes
Events
Quiz Creation
Community
Videos
Private Events
Remove Ads
Sign In
Join for FREE
Feedback
Dark Mode
Quiz Categories
Sports
Geography
Music
Movies
Television
Just For Fun
Miscellaneous
History
Literature
Language
Science
Gaming
Entertainment
Religion
Holiday
For Kids
Quiz Lab
Recent
Popular Today
Quiz Kudos Today
Editor Picks
Curator Picks
Quizzes by...
Day
Popularity
Type
Ratings
Length
Year
Community
Subscriptions
Recent Discussions
Orange Saloon
Badges
Playlists
Quests
Create
Leaderboards
Showdown
Live 5
Trivia Bingo
Activity
Puzzle Library
Sporcle Events
Private Events
Virtual Trivia
Globe League
Become a Host
Pub Owners
SporcleCon
Opinionation
Our Games
Videos
Blog
Mobile Apps
Partnerships
Remove Ads and Go Orange
Feedback
Gaming
Video Games
Board Games
Card Games
Pokémon
Mario
Nintendo
Minecraft
Console
Toys
Legend of Zelda
Gaming
Video Games
Board Games
Card Games
Pokémon
Mario
Nintendo
Minecraft
Console
Toys
Legend of Zelda
Random Quiz
Search Sporcle
×
Quiz Lab
Quiz Lab
Gaming
tf2
Type in answers that appear in a list
Type in answers that appear in a list
Classic
Best Score? Go Orange.
Tf2 default weapons quiz Stats
Can you name all of the Tf2 default weapons?
By
The_Eyelander
10m
31 Questions
423 Plays
423 Plays
423 Plays
Comments
Comments
Give Quiz Kudos
Give Quiz Kudos
-
- Ratings
hide this ad
Replay
Link that replays current quiz
Next Quiz
Link to next quiz in quiz playlist
You Got
0%
They Got
Avg Score
87%
Avg Friend Score
Upgrade to see
Score Distribution
Jump to the score distribution portion of the page
Score
0/31
Timer
10:00
0
Plays Today
Hint
Answer
% Correct
scout secondary
pistol
97.1%
engineer secondary
pistol
97.1%
scout melee
bat
96.9%
soldier secondary
shotgun
96.4%
pyro secondary
shotgun
96.4%
heavy secondary
shotgun
96.4%
engineer primary
shotgun
96.4%
soldier primary
rocket launcher
95.2%
pyro primary
flamethrower
94.5%
soldier melee
shovel
94%
heavy primary
mini-gun
94%
engineer melee
wrench
94%
scout primary
scattergun
93.5%
pyro melee
axe
93.3%
heavy melee
fists
92.6%
demoman melee
bottle
92.1%
Hint
Answer
% Correct
demoman secondary
sticky launcher
91.4%
demoman primary
pipe bomb launcher
90.7%
spy melee
knife
89.7%
medic secondary
medigun
87.6%
medic melee
bonesaw
86.8%
sniper primary
sniper rifle
86.8%
sniper secondary
smg
86.1%
spy primary
revolver
86.1%
medic primary
syringe gun
82.5%
spy extra 1
disguise kit
79.2%
spy extra 2
disguise kit
79.2%
sniper melee
kukri
78.9%
spy secondary
electro-sapper
78%
engineer extra 1
build pda
75.1%
engineer extra 2
demolition kit
18.9%
Quiz Playlist
Details
Report
Send in Message
Add To Playlist
Classic:
Type in answers that appear in a list
Last Updated: Feb 16, 2017
Quiz Scoreboard
CHALLENGE
Sign Up to Join the Scoreboard
Show All
Scores
Hide
Comments
May contain spoilers
Recently Published
Presidents Visiting Landmarks
by Hejman
History
7m
An Introduction to Baseball
by treessimontrees
Sports
5m
Movies - When Are They Set?
by FPL_Elf
Movies
5m
More to Explore
Quiz From the Vault
Featured Blog Post
Where Did the Easter Bunny Come From?
hide this ad
You Might Also Like...
Tags
default
tf2
Today's Top Quizzes in Gaming
Browse Gaming
hide this ad
Top Contributed Quizzes in Gaming
1
5-to-1: Consoles
2
7-to-1: Board Game Piece Blitz
3
5-to-1: Legend of Zelda
4
Destiny 2 exotic weapons by perk icons
5
Ultimate Genshin Impact Logic Puzzle (up to 4.3)
6
Franchise by Action Figure
7
Overwatch Logic Puzzle
8
Who's on the WWE 2K24 Cover?
9
Genshin Impact Logic Puzzle Quiz
10
Windmill: Pokémon
Explore More
Trending Topics
Harry Potter
Disney
Crossword
Anime
Marvel
Kpop
NBA
Puzzle
Country
Soccer
Pokémon
NFL
Song
The Office
WWE
hide this ad
More By:
The_Eyelander
Quiz
Plays
Rating
Category
Featured
Created
Tf2 default weapons quiz
423
2.00
Gaming
May 28, 2015
Go to Creator's Profile
Score Distribution
Quiz Creator Spotlight
The_Eyelander
Follow
Send a Message
Quizzes Created
-
Created Quiz Play Count
-
More By This Creator
Popular Quizzes Today
1
Find the US States - No Outlines Minefield
2
Find the Countries of Europe - No Outlines Minefield
3
The Countries of the World
4
Find the US States
5
Popular People in 1961
6
US States
7
Risky Map Clicking: Biggest States A-Z
8
Movies - When Are They Set?
More Gaming Quizzes
DBZ Dokkan Battle: Prime Battle LRs
Quiz Lab
Trending Quizzes
Risky Map Clicking: Least Populous States A-Z
1-10 Letter G Words
1-10 Letter F Words
Risky Map Clicking: Next State Alphabetically
Risky Map Clicking: Biggest States A-Z
Recently Updated
Leaping Animals
pecheneg
Reality TV Shows (A-Z)
bhenderson79
Rickey Henderson's Hall of Fame Teammates
pecheneg
Champions League XIs: Arsenal
pecheneg
Quick Pick: Celebrities in WWE's Hall of Fame
aduchscher
A-Z Keypad Blitz II
pecheneg
Multiple Oscar Actors
pecheneg
Mystery Phrase Blitz: Oscar 'Best Actors'
pecheneg
F. Scott Fitzgerald Novels
LTH
Pick 3 Villains
ddd62291
Trending Topics
Crossword
Marvel
NBA
Anime
Kpop
Disney
Harry Potter
The Office
Country
NFL
WWE
Soccer
Pokémon
Puzzle
Song
Your Account Isn't Verified!
In order to create a playlist on Sporcle, you need to verify the email address you used during registration. Go to your
Sporcle Settings
to finish the process.
Report this User
Report this user for behavior that violates our
Community Guidelines
.
Details:
Send Report
Go to the Sporcle.com Mobile Site →
Comments